000 00296nam a22001337a 4500
008 170710b xxu||||| |||| 00| 0 eng d
020 _a0231035721
041 _aeng
080 _a030
100 _a23
101 _aENC
245 _aTHE NEW COLUMBIA ENCYCLOPEDIA
_cHARRIS,W.H
942 _2udc
_cBK
999 _c20120
_d20120